LEADER 00996nam 2200265 450 001 996709066003316 005 20260217155442.0 100 $a20260217d2006----km y0itay5003 ba 101 0 $aita 102 $aIT 105 $ay 00 y 200 1 $aRecesso dell'investitore e determinazione del danno risarcibile nella gestione di portafogli di investimento$fMonica Cossu 210 $aMilano$cGiuffrè$d2006 215 $a61-82 p.$d22 cm 300 $aEstratto da: Banca, borsa e titoli di credito : rivista di dottrina e giurisprudenza, anno 69, fasc. 1 (2006) 606 0 $aInvestitori$xDanni$xRisarcimento$yItalia$xDiritto$2BNCF 676 $a346.450922 700 1$aCOSSU,$bMonica$0279514 801 0$aIT$bcba$gREICAT 912 $a996709066003316 951 $aXVI.7.Misc. 2275$b2314 FBUO$cXVI.7.Misc. 959 $aBK 969 $aFBUO 996 $aRecesso dell'investitore e determinazione del danno risarcibile nella gestione di portafogli di investimento$94542630 997 $aUNISA